[Event "April 9 Early 2024"]
[Site "Chess.com"]
[Date "2024.04.09"]
[Round "1"]
[White "Seemann, Jakub"]
[Black "Soraas, Torben"]
[Result "1-0"]
[Board "154"]
[WhiteFideId "21874697"]
[BlackFideId "1503529"]
[WhiteTitle "IM"]
[BlackTitle "CM"]
[WhiteElo "2719"]
[BlackElo "2404"]
[WhiteTeam "POL"]
[BlackTeam "NOR"]
[WhiteClock "0:01:08"]
[BlackClock "0:00:00"]
[Variant "Standard"]

1. c4 {[%clk 0:02:53]}  c5 {[%clk 0:02:59]} 2. e3 {[%clk 0:02:17]}  Nf6 {[%clk 0:02:48]} 3. Nc3 {[%clk 0:02:17]}  g6 {[%clk 0:02:41]} 4. f4 {[%clk 0:02:14]}  Bg7 {[%clk 0:02:40]} 5. Nf3 {[%clk 0:02:13]}  Nc6 {[%clk 0:02:35]} 6. Be2 {[%clk 0:02:13]}  O-O {[%clk 0:02:33]} 7. O-O {[%clk 0:02:13]}  d6 {[%clk 0:02:31]} 8. b3 {[%clk 0:02:13]}  Ne4 {[%clk 0:02:06]} 9. Bb2 {[%clk 0:02:12]}  Nxc3 {[%clk 0:02:07]} 10. Bxc3 {[%clk 0:02:12]}  Bxc3 {[%clk 0:02:06]} 11. dxc3 {[%clk 0:02:13]}  Bf5 {[%clk 0:01:58]} 12. Bd3 {[%clk 0:02:13]}  Bxd3 {[%clk 0:01:53]} 13. Qxd3 {[%clk 0:02:14]}  Qd7 {[%clk 0:01:37]} 14. e4 {[%clk 0:02:14]}  Qg4 {[%clk 0:01:34]} 15. Qe3 {[%clk 0:02:13]}  a6 {[%clk 0:01:21]} 16. Rfd1 {[%clk 0:02:10]}  b5 {[%clk 0:01:20]} 17. cxb5 {[%clk 0:02:09]}  axb5 {[%clk 0:01:21]} 18. Rd2 {[%clk 0:02:09]}  b4 {[%clk 0:01:20]} 19. cxb4 {[%clk 0:02:02]}  Nxb4 {[%clk 0:01:17]} 20. e5 {[%clk 0:01:48]}  dxe5 {[%clk 0:00:35]} 21. Nxe5 {[%clk 0:01:46]}  Qf5 {[%clk 0:00:30]} 22. Qf2 {[%clk 0:01:35]}  Rfd8 {[%clk 0:00:20]} 23. h3 {[%clk 0:01:24]}  h5 {[%clk 0:00:18]} 24. Kh2 {[%clk 0:01:23]}  f6 {[%clk 0:00:16]} 25. Nc4 {[%clk 0:01:23]}  Rxd2 {[%clk 0:00:15]} 26. Qxd2 {[%clk 0:01:22]}  Nc2 {[%clk 0:00:14]} 27. Rd1 {[%clk 0:01:12]}  Rxa2 {[%clk 0:00:14]} 28. Qd8+ {[%clk 0:01:08]}  Kf7 {[%clk 0:00:15]} 29. Qc7 {[%clk 0:01:08]}  Nd4 {[%clk 0:00:00]} 30. Nd6+ {[%clk 0:01:08]} 1-0

[Event "April 9 Early 2024"]
[Site "Chess.com"]
[Date "2024.04.09"]
[Round "1"]
[White "Bravo De La Vega, Alvaro"]
[Black "Tigran Mukhutdinov"]
[Result "1-0"]
[Board "155"]
[WhiteFideId "24570672"]
[BlackFideId "34108570"]
[WhiteTitle "CM"]
[BlackTitle "FM"]
[WhiteElo "2404"]
[BlackElo "2717"]
[WhiteTeam "ESP"]
[BlackTeam "RUS"]
[WhiteClock "0:00:40"]
[BlackClock "0:01:16"]
[Variant "Standard"]

1. Nf3 {[%clk 0:03:00]}  d5 {[%clk 0:02:59]} 2. c4 {[%clk 0:02:58]}  e6 {[%clk 0:02:57]} 3. g3 {[%clk 0:02:58]}  Nf6 {[%clk 0:02:57]} 4. Bg2 {[%clk 0:02:58]}  c6 {[%clk 0:02:57]} 5. b3 {[%clk 0:02:56]}  Be7 {[%clk 0:02:57]} 6. Bb2 {[%clk 0:02:57]}  O-O {[%clk 0:02:57]} 7. O-O {[%clk 0:02:57]}  a5 {[%clk 0:02:58]} 8. d4 {[%clk 0:02:45]}  a4 {[%clk 0:02:56]} 9. Nbd2 {[%clk 0:02:45]}  a3 {[%clk 0:02:46]} 10. Bc3 {[%clk 0:02:44]}  b6 {[%clk 0:02:46]} 11. Qc2 {[%clk 0:02:43]}  Bb7 {[%clk 0:02:46]} 12. e4 {[%clk 0:02:42]}  Nbd7 {[%clk 0:02:43]} 13. e5 {[%clk 0:02:33]}  Ne8 {[%clk 0:02:43]} 14. h4 {[%clk 0:02:28]}  c5 {[%clk 0:02:41]} 15. cxd5 {[%clk 0:02:21]}  Bxd5 {[%clk 0:02:39]} 16. Ne4 {[%clk 0:02:17]}  cxd4 {[%clk 0:02:33]} 17. Bxd4 {[%clk 0:01:58]}  Rc8 {[%clk 0:02:33]} 18. Qe2 {[%clk 0:01:57]}  Nc5 {[%clk 0:02:27]} 19. Bxc5 {[%clk 0:01:41]}  bxc5 {[%clk 0:02:27]} 20. Rfd1 {[%clk 0:01:41]}  Qa5 {[%clk 0:02:24]} 21. Rac1 {[%clk 0:01:40]}  Nc7 {[%clk 0:02:16]} 22. Nd6 {[%clk 0:01:27]}  Rcd8 {[%clk 0:02:12]} 23. Nc4 {[%clk 0:01:26]}  Qb4 {[%clk 0:02:09]} 24. Ne3 {[%clk 0:01:22]}  g6 {[%clk 0:01:55]} 25. Qc2 {[%clk 0:01:05]}  Be4 {[%clk 0:01:53]} 26. Qc4 {[%clk 0:00:55]}  Qxc4 {[%clk 0:01:54]} 27. Rxc4 {[%clk 0:00:55]}  Rxd1+ {[%clk 0:01:53]} 28. Nxd1 {[%clk 0:00:56]}  Bb1 {[%clk 0:01:49]} 29. Nc3 {[%clk 0:00:54]}  Bd3 {[%clk 0:01:49]} 30. Ra4 {[%clk 0:00:53]}  Nb5 {[%clk 0:01:39]} 31. Nxb5 {[%clk 0:00:52]}  Bxb5 {[%clk 0:01:40]} 32. Ra7 {[%clk 0:00:51]}  Re8 {[%clk 0:01:39]} 33. Nd2 {[%clk 0:00:49]}  Bf8 {[%clk 0:01:32]} 34. Ne4 {[%clk 0:00:49]}  Rd8 {[%clk 0:01:27]} 35. Nf6+ {[%clk 0:00:49]}  Kg7 {[%clk 0:01:28]} 36. h5 {[%clk 0:00:49]}  c4 {[%clk 0:01:22]} 37. h6+ {[%clk 0:00:47]}  Kxh6 {[%clk 0:01:21]} 38. Rxf7 {[%clk 0:00:47]}  cxb3 {[%clk 0:01:17]} 39. Rxh7+ {[%clk 0:00:41]}  Kg5 {[%clk 0:01:16]} 40. f4+ {[%clk 0:00:39]}  Kf5 {[%clk 0:01:16]} 41. Bh3# {[%clk 0:00:40]} 1-0

[Event "April 9 Early 2024"]
[Site "Chess.com"]
[Date "2024.04.09"]
[Round "1"]
[White "Gurvich, Vitaly"]
[Black "Manon-og, Ramon Jr."]
[Result "1-0"]
[Board "156"]
[WhiteFideId "24164852"]
[BlackFideId "5200776"]
[WhiteTitle "FM"]
[WhiteElo "2715"]
[BlackElo "2404"]
[WhiteTeam "RUS"]
[BlackTeam "PHI"]
[WhiteClock "0:00:03"]
[BlackClock "0:00:00"]
[Variant "Standard"]

1. d4 {[%clk 0:02:55]}  Nf6 {[%clk 0:02:59]} 2. Bf4 {[%clk 0:02:55]}  g6 {[%clk 0:03:00]} 3. e3 {[%clk 0:02:54]}  d6 {[%clk 0:03:00]} 4. Nf3 {[%clk 0:02:55]}  Bg7 {[%clk 0:03:01]} 5. h3 {[%clk 0:02:55]}  O-O {[%clk 0:02:59]} 6. Nbd2 {[%clk 0:02:55]}  Nfd7 {[%clk 0:02:59]} 7. Bh2 {[%clk 0:02:49]}  Nc6 {[%clk 0:02:57]} 8. Be2 {[%clk 0:02:49]}  e5 {[%clk 0:02:57]} 9. c3 {[%clk 0:02:47]}  f5 {[%clk 0:02:56]} 10. dxe5 {[%clk 0:02:47]}  Ndxe5 {[%clk 0:02:55]} 11. O-O {[%clk 0:02:45]}  Kh8 {[%clk 0:02:55]} 12. a4 {[%clk 0:02:45]}  g5 {[%clk 0:02:52]} 13. a5 {[%clk 0:02:36]}  a6 {[%clk 0:02:51]} 14. Re1 {[%clk 0:02:01]}  g4 {[%clk 0:02:50]} 15. Nxe5 {[%clk 0:02:01]}  Nxe5 {[%clk 0:02:50]} 16. Nc4 {[%clk 0:01:55]}  Nxc4 {[%clk 0:02:46]} 17. Bxc4 {[%clk 0:01:56]}  gxh3 {[%clk 0:02:46]} 18. Qh5 {[%clk 0:01:52]}  hxg2 {[%clk 0:02:42]} 19. Bd3 {[%clk 0:01:51]}  Qf6 {[%clk 0:02:33]} 20. Ra4 {[%clk 0:01:45]}  Qg6 {[%clk 0:02:00]} 21. Qxg6 {[%clk 0:01:37]}  hxg6 {[%clk 0:02:00]} 22. Rh4+ {[%clk 0:01:38]}  Kg8 {[%clk 0:02:00]} 23. Bc4+ {[%clk 0:01:38]}  Rf7 {[%clk 0:02:00]} 24. Bxf7+ {[%clk 0:01:32]}  Kxf7 {[%clk 0:02:01]} 25. Bf4 {[%clk 0:01:31]}  Be6 {[%clk 0:01:46]} 26. Kxg2 {[%clk 0:01:29]}  Bd5+ {[%clk 0:01:46]} 27. f3 {[%clk 0:01:29]}  Re8 {[%clk 0:01:34]} 28. Kf2 {[%clk 0:01:24]}  Re6 {[%clk 0:00:57]} 29. Bg5 {[%clk 0:01:17]}  b5 {[%clk 0:00:52]} 30. axb6 {[%clk 0:01:11]}  cxb6 {[%clk 0:00:53]} 31. Bf4 {[%clk 0:01:01]}  Bc6 {[%clk 0:00:43]} 32. Rd1 {[%clk 0:00:56]}  d5 {[%clk 0:00:43]} 33. Bc7 {[%clk 0:00:52]}  Bb7 {[%clk 0:00:41]} 34. Rb4 {[%clk 0:00:45]}  b5 {[%clk 0:00:41]} 35. Rh4 {[%clk 0:00:43]}  g5 {[%clk 0:00:41]} 36. Rhh1 {[%clk 0:00:42]}  Kg6 {[%clk 0:00:29]} 37. Rhg1 {[%clk 0:00:37]}  Bf6 {[%clk 0:00:26]} 38. Rde1 {[%clk 0:00:25]}  Rc6 {[%clk 0:00:22]} 39. Bf4 {[%clk 0:00:24]}  Kh5 {[%clk 0:00:22]} 40. Bb8 {[%clk 0:00:20]}  a5 {[%clk 0:00:14]} 41. Rd1 {[%clk 0:00:19]}  Rc8 {[%clk 0:00:13]} 42. Bd6 {[%clk 0:00:16]}  b4 {[%clk 0:00:10]} 43. cxb4 {[%clk 0:00:16]}  Rc2+ {[%clk 0:00:11]} 44. Kg3 {[%clk 0:00:15]}  axb4 {[%clk 0:00:09]} 45. Bxb4 {[%clk 0:00:14]}  Be5+ {[%clk 0:00:08]} 46. f4 {[%clk 0:00:13]}  Bxb2 {[%clk 0:00:06]} 47. fxg5 {[%clk 0:00:12]}  Kxg5 {[%clk 0:00:06]} 48. Kf3+ {[%clk 0:00:12]}  Kf6 {[%clk 0:00:07]} 49. Rd2 {[%clk 0:00:06]}  d4+ {[%clk 0:00:08]} 50. Kf4 {[%clk 0:00:05]}  d3 {[%clk 0:00:00]} 51. Kg3 {[%clk 0:00:03]} 1-0

[Event "April 9 Early 2024"]
[Site "Chess.com"]
[Date "2024.04.09"]
[Round "1"]
[White "Koshulyan, Egor A."]
[Black "Lemos, Dawton Almino"]
[Result "1-0"]
[Board "158"]
[WhiteFideId "24237000"]
[BlackFideId "2146797"]
[WhiteTitle "CM"]
[BlackTitle "FM"]
[WhiteElo "2713"]
[BlackElo "2404"]
[WhiteTeam "RUS"]
[BlackTeam "BRA"]
[WhiteClock "0:01:49"]
[BlackClock "0:00:40"]
[Variant "Standard"]

1. e4 {[%clk 0:03:00]}  e6 {[%clk 0:02:57]} 2. d4 {[%clk 0:03:00]}  d5 {[%clk 0:02:54]} 3. e5 {[%clk 0:03:00]}  c5 {[%clk 0:02:54]} 4. c3 {[%clk 0:03:00]}  Nc6 {[%clk 0:02:54]} 5. Nf3 {[%clk 0:03:00]}  Qb6 {[%clk 0:02:53]} 6. Na3 {[%clk 0:03:00]}  Nh6 {[%clk 0:02:52]} 7. Nc2 {[%clk 0:03:00]}  Nf5 {[%clk 0:02:52]} 8. Bd3 {[%clk 0:03:00]}  Be7 {[%clk 0:02:52]} 9. O-O {[%clk 0:02:58]}  O-O {[%clk 0:02:52]} 10. g4 {[%clk 0:02:38]}  Nh6 {[%clk 0:02:19]} 11. Bxh6 {[%clk 0:02:39]}  gxh6 {[%clk 0:02:20]} 12. Qd2 {[%clk 0:02:39]}  Kg7 {[%clk 0:02:20]} 13. g5 {[%clk 0:02:33]}  hxg5 {[%clk 0:02:07]} 14. Nxg5 {[%clk 0:02:34]}  h6 {[%clk 0:02:08]} 15. Nh7 {[%clk 0:02:22]}  Rh8 {[%clk 0:02:04]} 16. Kh1 {[%clk 0:01:54]}  Rxh7 {[%clk 0:00:39]} 17. Rg1+ {[%clk 0:01:54]}  Kh8 {[%clk 0:00:39]} 18. Bxh7 {[%clk 0:01:53]}  Kxh7 {[%clk 0:00:40]} 19. Qf4 {[%clk 0:01:49]}  Kh8 {[%clk 0:00:40]} 1-0

[Event "April 9 Early 2024"]
[Site "Chess.com"]
[Date "2024.04.09"]
[Round "1"]
[White "Aradhya, Garg"]
[Black "Matthes, Aaron"]
[Result "1-0"]
[Board "160"]
[WhiteFideId "25006746"]
[BlackFideId "16227310"]
[WhiteTitle "FM"]
[BlackTitle "CM"]
[WhiteElo "2709"]
[BlackElo "2403"]
[WhiteTeam "IND"]
[BlackTeam "GER"]
[WhiteClock "0:00:21"]
[BlackClock "0:00:31"]
[Variant "Standard"]

1. d4 {[%clk 0:03:00]}  d5 {[%clk 0:02:58]} 2. c4 {[%clk 0:03:01]}  e6 {[%clk 0:02:58]} 3. Nf3 {[%clk 0:03:01]}  c6 {[%clk 0:02:58]} 4. e3 {[%clk 0:03:00]}  Nf6 {[%clk 0:02:56]} 5. Nc3 {[%clk 0:03:00]}  Bd6 {[%clk 0:02:56]} 6. Bd3 {[%clk 0:02:59]}  Nbd7 {[%clk 0:02:55]} 7. e4 {[%clk 0:02:55]}  dxe4 {[%clk 0:02:55]} 8. Nxe4 {[%clk 0:02:56]}  Nxe4 {[%clk 0:02:56]} 9. Bxe4 {[%clk 0:02:56]}  c5 {[%clk 0:02:54]} 10. O-O {[%clk 0:02:54]}  O-O {[%clk 0:02:53]} 11. Bg5 {[%clk 0:02:44]}  Be7 {[%clk 0:02:51]} 12. Bxe7 {[%clk 0:02:38]}  Qxe7 {[%clk 0:02:51]} 13. d5 {[%clk 0:02:31]}  exd5 {[%clk 0:02:45]} 14. Bxd5 {[%clk 0:02:31]}  Nf6 {[%clk 0:02:40]} 15. Re1 {[%clk 0:02:29]}  Qc7 {[%clk 0:02:40]} 16. Ne5 {[%clk 0:02:22]}  Bf5 {[%clk 0:02:33]} 17. Qf3 {[%clk 0:02:17]}  Nxd5 {[%clk 0:02:23]} 18. cxd5 {[%clk 0:01:46]}  Bg6 {[%clk 0:02:22]} 19. a4 {[%clk 0:01:29]}  Rad8 {[%clk 0:02:16]} 20. h4 {[%clk 0:01:27]}  Rfe8 {[%clk 0:02:14]} 21. Nc4 {[%clk 0:01:25]}  f6 {[%clk 0:02:05]} 22. d6 {[%clk 0:01:16]}  Qd7 {[%clk 0:02:03]} 23. Rxe8+ {[%clk 0:01:02]}  Rxe8 {[%clk 0:02:01]} 24. Rd1 {[%clk 0:00:58]}  Bf7 {[%clk 0:01:49]} 25. b3 {[%clk 0:00:57]}  Be6 {[%clk 0:01:44]} 26. Qf4 {[%clk 0:00:53]}  b6 {[%clk 0:01:38]} 27. f3 {[%clk 0:00:48]}  Bxc4 {[%clk 0:01:34]} 28. Qxc4+ {[%clk 0:00:47]}  Kh8 {[%clk 0:01:33]} 29. Qd5 {[%clk 0:00:43]}  g6 {[%clk 0:01:29]} 30. Kf2 {[%clk 0:00:42]}  Re6 {[%clk 0:01:28]} 31. Qa8+ {[%clk 0:00:38]}  Kg7 {[%clk 0:01:28]} 32. Qb8 {[%clk 0:00:38]}  Re8 {[%clk 0:01:21]} 33. Qc7 {[%clk 0:00:38]}  Rd8 {[%clk 0:01:20]} 34. Re1 {[%clk 0:00:33]}  Qxc7 {[%clk 0:01:00]} 35. dxc7 {[%clk 0:00:32]}  Rc8 {[%clk 0:01:01]} 36. Re7+ {[%clk 0:00:31]}  Kh6 {[%clk 0:01:00]} 37. g4 {[%clk 0:00:31]}  g5 {[%clk 0:00:53]} 38. h5 {[%clk 0:00:30]}  f5 {[%clk 0:00:51]} 39. gxf5 {[%clk 0:00:26]}  a6 {[%clk 0:00:48]} 40. Kg3 {[%clk 0:00:23]}  b5 {[%clk 0:00:47]} 41. axb5 {[%clk 0:00:24]}  axb5 {[%clk 0:00:46]} 42. Kg4 {[%clk 0:00:24]}  c4 {[%clk 0:00:45]} 43. bxc4 {[%clk 0:00:24]}  bxc4 {[%clk 0:00:46]} 44. f6 {[%clk 0:00:24]}  c3 {[%clk 0:00:45]} 45. f7 {[%clk 0:00:23]}  c2 {[%clk 0:00:43]} 46. Re8 {[%clk 0:00:23]}  Kg7 {[%clk 0:00:31]} 47. f8=Q# {[%clk 0:00:21]} 1-0

[Event "April 9 Early 2024"]
[Site "Chess.com"]
[Date "2024.04.09"]
[Round "1"]
[White "Bilic, Vladimir"]
[Black "Merino Garcia, Rafael II"]
[Result "1-0"]
[Board "162"]
[WhiteFideId "927252"]
[BlackFideId "2209128"]
[WhiteTitle "FM"]
[BlackTitle "FM"]
[WhiteElo "2700"]
[BlackElo "2402"]
[WhiteTeam "BIH"]
[BlackTeam "ESP"]
[WhiteClock "0:01:06"]
[BlackClock "0:00:27"]
[Variant "Standard"]

1. Nf3 {[%clk 0:03:00]}  Nf6 {[%clk 0:02:56]} 2. c4 {[%clk 0:03:00]}  e6 {[%clk 0:02:54]} 3. d4 {[%clk 0:03:00]}  Bb4+ {[%clk 0:02:50]} 4. Bd2 {[%clk 0:02:59]}  Qe7 {[%clk 0:02:51]} 5. g3 {[%clk 0:02:57]}  Nc6 {[%clk 0:02:51]} 6. Bg2 {[%clk 0:02:56]}  Bxd2+ {[%clk 0:02:51]} 7. Nbxd2 {[%clk 0:02:55]}  d6 {[%clk 0:02:51]} 8. O-O {[%clk 0:02:55]}  a5 {[%clk 0:02:49]} 9. Qc2 {[%clk 0:02:53]}  e5 {[%clk 0:02:49]} 10. e3 {[%clk 0:02:52]}  O-O {[%clk 0:02:46]} 11. b3 {[%clk 0:02:52]}  h6 {[%clk 0:02:33]} 12. a3 {[%clk 0:02:52]}  e4 {[%clk 0:02:25]} 13. Ne1 {[%clk 0:02:50]}  Bf5 {[%clk 0:02:24]} 14. Qc3 {[%clk 0:02:44]}  d5 {[%clk 0:02:19]} 15. Nc2 {[%clk 0:02:42]}  Qe6 {[%clk 0:02:14]} 16. b4 {[%clk 0:02:36]}  a4 {[%clk 0:02:05]} 17. b5 {[%clk 0:02:35]}  Ne7 {[%clk 0:02:05]} 18. cxd5 {[%clk 0:02:32]}  Nexd5 {[%clk 0:02:04]} 19. Qb2 {[%clk 0:02:32]}  Bh3 {[%clk 0:02:03]} 20. Nb4 {[%clk 0:02:29]}  Bxg2 {[%clk 0:02:00]} 21. Kxg2 {[%clk 0:02:25]}  Nxb4 {[%clk 0:01:59]} 22. Qxb4 {[%clk 0:02:24]}  Nd5 {[%clk 0:01:59]} 23. Qb2 {[%clk 0:02:22]}  f5 {[%clk 0:01:58]} 24. Rac1 {[%clk 0:02:19]}  Rad8 {[%clk 0:01:50]} 25. Rc5 {[%clk 0:02:18]}  Rd6 {[%clk 0:01:45]} 26. Qc2 {[%clk 0:02:16]}  Rd7 {[%clk 0:01:34]} 27. Nc4 {[%clk 0:02:12]}  Re8 {[%clk 0:01:25]} 28. Ne5 {[%clk 0:02:09]}  Rdd8 {[%clk 0:01:21]} 29. Qxa4 {[%clk 0:02:03]}  Kh7 {[%clk 0:01:09]} 30. Qc2 {[%clk 0:01:49]}  h5 {[%clk 0:01:06]} 31. h4 {[%clk 0:01:47]}  Re7 {[%clk 0:00:58]} 32. Qe2 {[%clk 0:01:47]}  g6 {[%clk 0:00:56]} 33. Rfc1 {[%clk 0:01:45]}  Ra8 {[%clk 0:00:52]} 34. Qc4 {[%clk 0:01:28]}  Rd8 {[%clk 0:00:46]} 35. a4 {[%clk 0:01:17]}  Rg7 {[%clk 0:00:32]} 36. a5 {[%clk 0:01:11]}  g5 {[%clk 0:00:32]} 37. hxg5 {[%clk 0:01:10]}  Rxg5 {[%clk 0:00:32]} 38. Rh1 {[%clk 0:01:09]}  Rdg8 {[%clk 0:00:27]} 39. Qxd5 {[%clk 0:01:06]} 1-0

[Event "April 9 Early 2024"]
[Site "Chess.com"]
[Date "2024.04.09"]
[Round "1"]
[White "Dilmukhametov, Artur"]
[Black "Klymchuk, Andriy"]
[Result "1/2-1/2"]
[Board "163"]
[WhiteFideId "24179922"]
[BlackFideId "14140063"]
[WhiteTitle "FM"]
[BlackTitle "FM"]
[WhiteElo "2399"]
[BlackElo "2694"]
[WhiteTeam "RUS"]
[BlackTeam "UKR"]
[WhiteClock "0:00:15"]
[BlackClock "0:00:27"]
[Variant "Standard"]

1. e4 {[%clk 0:03:00]}  c5 {[%clk 0:02:59]} 2. Nf3 {[%clk 0:03:01]}  Nc6 {[%clk 0:02:59]} 3. d4 {[%clk 0:03:01]}  cxd4 {[%clk 0:02:59]} 4. Nxd4 {[%clk 0:03:02]}  g6 {[%clk 0:02:59]} 5. Nc3 {[%clk 0:03:02]}  Bg7 {[%clk 0:02:59]} 6. Be3 {[%clk 0:03:02]}  Nf6 {[%clk 0:03:00]} 7. f3 {[%clk 0:03:03]}  O-O {[%clk 0:02:56]} 8. g4 {[%clk 0:03:02]}  Qb6 {[%clk 0:02:33]} 9. Qd2 {[%clk 0:01:50]}  Nxd4 {[%clk 0:02:31]} 10. Bxd4 {[%clk 0:01:40]}  Nxe4 {[%clk 0:02:30]} 11. Bxb6 {[%clk 0:01:32]}  Nxd2 {[%clk 0:02:29]} 12. Kxd2 {[%clk 0:01:31]}  axb6 {[%clk 0:02:28]} 13. Nd5 {[%clk 0:01:29]}  e6 {[%clk 0:02:16]} 14. Nxb6 {[%clk 0:01:25]}  Bxb2 {[%clk 0:02:02]} 15. Rb1 {[%clk 0:01:12]}  Rxa2 {[%clk 0:02:01]} 16. Bc4 {[%clk 0:01:11]}  Ra3 {[%clk 0:01:55]} 17. Rxb2 {[%clk 0:01:09]}  Rxf3 {[%clk 0:01:56]} 18. Nxc8 {[%clk 0:01:08]}  Rxc8 {[%clk 0:01:55]} 19. Be2 {[%clk 0:01:05]}  Rh3 {[%clk 0:01:49]} 20. Rxb7 {[%clk 0:01:03]}  d5 {[%clk 0:01:49]} 21. Rf1 {[%clk 0:00:57]}  Rf8 {[%clk 0:01:45]} 22. Rf2 {[%clk 0:00:56]}  Kg7 {[%clk 0:01:39]} 23. Bf1 {[%clk 0:00:44]}  Rh4 {[%clk 0:01:37]} 24. Be2 {[%clk 0:00:45]}  Rh3 {[%clk 0:01:36]} 25. Bf1 {[%clk 0:00:44]}  Ra3 {[%clk 0:01:36]} 26. Be2 {[%clk 0:00:42]}  h6 {[%clk 0:01:33]} 27. h4 {[%clk 0:00:41]}  Rh3 {[%clk 0:01:28]} 28. h5 {[%clk 0:00:41]}  g5 {[%clk 0:01:28]} 29. Bf1 {[%clk 0:00:37]}  Rg3 {[%clk 0:01:26]} 30. Be2 {[%clk 0:00:38]}  Ra3 {[%clk 0:01:25]} 31. Bf1 {[%clk 0:00:37]}  Ra4 {[%clk 0:01:25]} 32. Be2 {[%clk 0:00:38]}  Rf4 {[%clk 0:01:25]} 33. Rg2 {[%clk 0:00:24]}  Rc8 {[%clk 0:01:23]} 34. Rg1 {[%clk 0:00:23]}  e5 {[%clk 0:01:17]} 35. Ra1 {[%clk 0:00:22]}  d4 {[%clk 0:01:10]} 36. Raa7 {[%clk 0:00:23]}  e4 {[%clk 0:01:09]} 37. Rc7 {[%clk 0:00:20]}  Re8 {[%clk 0:01:01]} 38. Bc4 {[%clk 0:00:20]}  Rf8 {[%clk 0:00:56]} 39. Be2 {[%clk 0:00:18]}  Rf2 {[%clk 0:00:55]} 40. Ke1 {[%clk 0:00:18]}  Rf4 {[%clk 0:00:52]} 41. Kd2 {[%clk 0:00:17]}  Re8 {[%clk 0:00:34]} 42. Bc4 {[%clk 0:00:16]}  e3+ {[%clk 0:00:31]} 43. Ke1 {[%clk 0:00:17]}  Rf8 {[%clk 0:00:28]} 44. Bd5 {[%clk 0:00:16]}  Rxg4 {[%clk 0:00:26]} 45. Rxf7+ {[%clk 0:00:16]}  Rxf7 {[%clk 0:00:26]} 46. Rxf7+ {[%clk 0:00:17]}  Kh8 {[%clk 0:00:27]} 47. Rf8+ {[%clk 0:00:17]}  Kh7 {[%clk 0:00:28]} 48. Rf7+ {[%clk 0:00:17]}  Kh8 {[%clk 0:00:27]} 49. Rf8+ {[%clk 0:00:15]}  Kg7 {[%clk 0:00:27]} 50. Rf7+ {[%clk 0:00:15]}  Kh8 {[%clk 0:00:27]} 1/2-1/2

[Event "April 9 Early 2024"]
[Site "Chess.com"]
[Date "2024.04.09"]
[Round "1"]
[White "Kleiman, Jake"]
[Black "Czerwonski, Aleksander"]
[Result "1-0"]
[Board "164"]
[WhiteFideId "2020041"]
[BlackFideId "1100459"]
[WhiteTitle "IM"]
[BlackTitle "IM"]
[WhiteElo "2694"]
[BlackElo "2399"]
[WhiteTeam "USA"]
[BlackTeam "POL"]
[WhiteClock "0:00:19"]
[BlackClock "0:00:00"]
[Variant "Standard"]

1. e4 {[%clk 0:03:00]}  d6 {[%clk 0:03:00]} 2. d4 {[%clk 0:02:59]}  Nf6 {[%clk 0:03:00]} 3. Nc3 {[%clk 0:02:59]}  g6 {[%clk 0:03:01]} 4. Nf3 {[%clk 0:02:59]}  Bg7 {[%clk 0:03:00]} 5. h3 {[%clk 0:03:00]}  a6 {[%clk 0:02:56]} 6. a4 {[%clk 0:02:59]}  b6 {[%clk 0:02:55]} 7. Bd3 {[%clk 0:02:59]}  Bb7 {[%clk 0:02:55]} 8. O-O {[%clk 0:03:00]}  O-O {[%clk 0:02:53]} 9. Re1 {[%clk 0:02:59]}  Nbd7 {[%clk 0:02:50]} 10. e5 {[%clk 0:02:45]}  Nd5 {[%clk 0:02:48]} 11. Nxd5 {[%clk 0:02:40]}  Bxd5 {[%clk 0:02:48]} 12. Bf4 {[%clk 0:02:40]}  dxe5 {[%clk 0:02:39]} 13. Nxe5 {[%clk 0:02:35]}  Nxe5 {[%clk 0:02:39]} 14. Bxe5 {[%clk 0:02:35]}  Bxe5 {[%clk 0:02:29]} 15. Rxe5 {[%clk 0:02:35]}  e6 {[%clk 0:02:29]} 16. a5 {[%clk 0:02:26]}  b5 {[%clk 0:02:22]} 17. c3 {[%clk 0:02:23]}  Qd6 {[%clk 0:02:21]} 18. Qe2 {[%clk 0:02:22]}  c5 {[%clk 0:02:18]} 19. dxc5 {[%clk 0:02:11]}  Qxc5 {[%clk 0:02:19]} 20. h4 {[%clk 0:02:10]}  Qc6 {[%clk 0:02:08]} 21. Qg4 {[%clk 0:02:05]}  Ra7 {[%clk 0:01:43]} 22. h5 {[%clk 0:02:02]}  f5 {[%clk 0:01:43]} 23. Qg5 {[%clk 0:01:59]}  Rg7 {[%clk 0:01:33]} 24. h6 {[%clk 0:01:51]}  Rgf7 {[%clk 0:01:32]} 25. Qf4 {[%clk 0:01:40]}  Qc7 {[%clk 0:01:21]} 26. Be2 {[%clk 0:01:26]}  Qd8 {[%clk 0:01:17]} 27. Bf3 {[%clk 0:01:16]}  g5 {[%clk 0:01:16]} 28. Qe3 {[%clk 0:01:16]}  Bxf3 {[%clk 0:01:09]} 29. Qxf3 {[%clk 0:01:16]}  Rf6 {[%clk 0:01:07]} 30. Qc6 {[%clk 0:00:54]}  Qa8 {[%clk 0:00:59]} 31. Qd6 {[%clk 0:00:43]}  Qb8 {[%clk 0:00:49]} 32. Rd1 {[%clk 0:00:29]}  Qxd6 {[%clk 0:00:27]} 33. Rxd6 {[%clk 0:00:29]}  Rxh6 {[%clk 0:00:26]} 34. Rexe6 {[%clk 0:00:29]}  Rxe6 {[%clk 0:00:24]} 35. Rxe6 {[%clk 0:00:30]}  Ra8 {[%clk 0:00:22]} 36. Re7 {[%clk 0:00:27]}  h6 {[%clk 0:00:17]} 37. g3 {[%clk 0:00:25]}  b4 {[%clk 0:00:17]} 38. Re6 {[%clk 0:00:21]}  Kg7 {[%clk 0:00:14]} 39. cxb4 {[%clk 0:00:20]}  Rb8 {[%clk 0:00:14]} 40. Rb6 {[%clk 0:00:20]}  Ra8 {[%clk 0:00:10]} 41. Kf1 {[%clk 0:00:18]}  h5 {[%clk 0:00:10]} 42. b5 {[%clk 0:00:18]}  axb5 {[%clk 0:00:09]} 43. Rxb5 {[%clk 0:00:19]}  Kf6 {[%clk 0:00:08]} 44. b4 {[%clk 0:00:20]}  h4 {[%clk 0:00:07]} 45. gxh4 {[%clk 0:00:20]}  gxh4 {[%clk 0:00:08]} 46. Kg2 {[%clk 0:00:21]}  Rg8+ {[%clk 0:00:06]} 47. Kh3 {[%clk 0:00:21]}  Rg4 {[%clk 0:00:07]} 48. a6 {[%clk 0:00:20]}  Rc4 {[%clk 0:00:06]} 49. a7 {[%clk 0:00:19]}  Rc3+ {[%clk 0:00:00]} 50. Kh2 {[%clk 0:00:19]} 1-0